| 000 | 00733cab a2200253 4500 | ||
|---|---|---|---|
| 001 | ABS67504 | ||
| 008 | 040227n2004 000 0 eng u | ||
| 035 | _a(Sirsi) u125246 | ||
| 245 | _aRegional survey: City, City fringe and Docklands | ||
| 260 | _c2004 | ||
| 490 |
_aProperty Week _v69(6) 6 February 2004, 49-72(10) |
||
| 590 | _aABS | ||
| 650 | _aCITY OF LONDON | ||
| 650 | _aDOCKLANDS | ||
| 650 | _aCITY FRINGE | ||
| 650 | _aLONDON STOCK EXCHANGE | ||
| 650 | _aCLERKENWELL | ||
| 650 | _aPOPLAR | ||
| 650 | _aSQUARE MILE | ||
| 650 | _aPROPERTY-COMMERCIAL PROPERTY-OFFICE PROPERTY-OFFICE PROPERTY MARKET | ||
| 650 | _aOCCUPIERS | ||
| 690 | _aPROPERTY-COMMERCIAL PROPERTY-COMMERCIAL PROPERTY MARKET | ||
| 942 | _n0 | ||
| 999 |
_c74177 _d74177 |
||